Boston vs. Dallas - Statistics

General Stats
  • This quiz has been taken 10,947 times
  • The average score is 11 of 15
Answer Stats
Question Answer % Correct
Is on the coast Boston
96%
Is a state capital Boston
87%
Was founded in the 1600s Boston
87%
Mark Cuban lives there Dallas
87%
Was the site of a battle in the Revolutionary War Boston
86%
Is east of the Mississippi River Boston
86%
"Wicked" is a common slang word in the local dialect Boston
85%
Has a suburb named Plano Dallas
84%
The movie "Ted" is set there Boston
77%
Has an airport named "Love Field" Dallas
75%
Its metro area is known as the "Metroplex" Dallas
73%
Is on Interstate-45 Dallas
72%
The metro area has a team in all four major sports: MLB, NBA, NFL, and NHL Both
64%
Is strongly associated with President John F. Kennedy Both
34%
Has a city proper population > 1 million Dallas
29%
No matching quizzes found
Score Distribution
Percent of People with Each Score
Percentile by Number Answered
Your Score History
You have not taken this quiz